Poesías de don Francisco Gonzalez Elipe. (Registro nro. 154572)

Detalles MARC
000 -LEADER
campo de control de longitud fija 00629nam a2200169 i 4500
001 - NÚMERO DE CONTROL
campo de control 154572
003 - IDENTIFICADOR DE NÚMERO DE CONTROL
campo de control ES-MaACL
005 - FECHA Y HORA DE LA ÚLTIMA TRANSACCIÓN
campo de control 20250907063116.0
008 - DATOS DE LONGITUD FIJA--INFORMACIÓN GENERAL
campo de control de longitud fija 971205s1842 sp |||| | spa d
040 ## - FUENTE DE CATALOGACIÓN
Centro catalogador/agencia de origen CAT
Lengua de catalogación spa
Centro/agencia transcriptor CAT
Centro/agencia modificador CCPB
100 ## - ENTRADA PRINCIPAL--NOMBRE DE PERSONA
Nombre de persona Gonzalez Elipe, Francisco,
Fechas asociadas al nombre n. 1813
9 (RLIN) 222250
245 10 - MENCIÓN DEL TÍTULO
Título Poesías de don Francisco Gonzalez Elipe.
260 ## - PUBLICACIÓN, DISTRIBUCIÓN, ETC.
Lugar de publicación, distribución, etc. Madrid :
Nombre del editor, distribuidor, etc. [s.n.],
Fecha de publicación, distribución, etc. 1842 (
Fabricante Impr. de Vicente de Lalama)
300 ## - DESCRIPCIÓN FÍSICA
Extensión XIX, 239 p. ;
Dimensiones 19 cm.
852 ## - LOCALIZACIÓN
Ubicación ES-MaACL
Número de control de estantería D-619
Nota libre - Enc. tela
Encuadernación - Registro original: publicado bajo los auspicios del Liceo Artístico y Literario de Madrid
Existencias
Estatus retirado Estado de pérdida Estado de daño No para préstamo Colección Biblioteca de origen Biblioteca actual Ubicación en estantería Fecha de adquisición Fuente de adquisición Total de préstamos Signatura topográfica completa Código de barras Visto por última vez Precio de reemplazo Tipo de ítem Koha
        Libros del s. XIX Biblioteca del Ateneo de Madrid Biblioteca del Ateneo de Madrid Sala Valle Inclán 17/01/2008     D-619 901161662 23/02/2023 23/02/2023 Libro impreso antiguo